00745cam a2200229 i 4500001000300000003000900003005001700012008003900029015001700068040003500085080001000120080001200130100004000142245003900182260005600221300003300277380001600310655003000326650002000356710004200376856009700418bgKOSZ 00520200630132816.0070922s1969 pl a f f 000 0 pol aPB 1969/4455 aWA NcKOSZ 005/HRdKOSZ 005/HR a621.3 a(075.8)1 aKurdziel, Romand(1904-1978)eAutor10aElektrotechnika /cRoman Kurdziel. aWarszawa :bPaństwowe Wydawnictwo Naukowe,c1969. a396, [3] s. :bil. ;c23 cm. aKsiążki 4aPodręczniki akademickie 4aElektrotechnika2 aPaństwowe Wydawnictwo Naukowe4pbl. uhttp://koha.tu.koszalin.pl/cgi-bin/koha/opac-detail.pl?biblionumber=7262yKatalog online BPK